| 000 | 00974nam a2200373 a 4500 | ||
|---|---|---|---|
| 003 | AR-BaBNM | ||
| 005 | 20251128202920.0 | ||
| 008 | 082120s2002 ||||||||||||||000 | spa|| | ||
| 040 | _cAR-BaBNM | ||
| 100 | 1 | _aAlonso Cortés, Narciso | |
| 245 | 0 | 0 | _aHistoria de la literatura española |
| 260 |
_aBuenos Aires _bLibrería Santarén _c1943 |
||
| 300 |
_a451 p. _bil. |
||
| 500 | _aContiene índice de autores y obras anónimas en p. 437 | ||
| 650 | 4 | _aROMANTICISMO | |
| 650 | 4 | _aREALISMO | |
| 650 | 4 | _aHISTORIA LITERARIA | |
| 650 | 4 | _aLITERATURA ESPAÑOLA | |
| 650 | 4 | _aCRITICA LITERARIA | |
| 650 | 4 | _aEDAD MEDIA | |
| 650 | 4 | _aRENACIMIENTO | |
| 650 | 4 | _aLITERATURA POPULAR | |
| 650 | 4 | _aARTE RELIGIOSO | |
| 650 | 4 | _aMISTICISMO | |
| 653 | _aEPICA | ||
| 653 | _aMESTER DE CLERECIA | ||
| 653 | _aBARROCO | ||
| 653 | _aSIGLO DE ORO | ||
| 653 | _aNEOCLASICISMO | ||
| 653 | _aMODERNISMO | ||
| 655 | _aLITERATURA | ||
| 942 | _cBK | ||
| 998 | _cMARTIN | ||
| 999 |
_c1169 _d1169 |
||